000 00568nam a2200241 a 4500
001 nice12345678
003 IN_TiNIC
005 20260116011429.0
008 050524s1953 laha grp 000 0 urd
020 _a
_c100
082 0 0 _a252
_bMUR
100 _aMurray, Andrew
245 _aTareeq-E-Tasleem
260 _aLahore
_bPunjab Religious Booksociety
_c1953
300 _a230p
500 _aincludes index and biblioraphy
505 2 _abibliography
650 _aSermons
700 1 _aMurray, Andrew
902 _bSRS
942 _cBK
999 _c1459
_d1459